000 00450nam a2200157 i 4500
001 45489
003 ES-MaACL
005 20230906161227.0
007 t|
008 030326s1971 sp ||||1| spa d
100 1 _aColina Unda, Francisco Javier de la.
_939601
245 1 0 _aPoemas santiagueses /
_cFrancisco Javier de la Colina Unda.
260 _aLa Coruña :
_bMoret,
_c1971.
300 _a69 p. ;
_c22 cm.
852 _aES-MaACL
_jC-42217
_bR.78871
999 _c45489
_d45489